Community policing in America
Introduction -- Defining community policing and researching its implementation -- Police organizations as open systems -- Organizational context and community policing -- Organizational structure and community policing -- Organizational context and organizational structure -- Models, data, and analy...
| Autor principal: | |
|---|---|
| Tipo de documento: | Print Libro |
| Lenguaje: | Inglés |
| Publicado: |
New York [u.a.]
Routledge
2006
|
| En: | Año: 2006 |
| Acceso en línea: |
Índice Índice |
| Disponibilidad en Tübingen: | Disponible en Tübingen. UB: KB 9 E 690 |
| Verificar disponibilidad: | HBZ Gateway |
| Servicio de pedido Subito: | Pedir ahora. |
| Palabras clave: |
MARC
| LEADER | 00000cam a2200000 c 4500 | ||
|---|---|---|---|
| 001 | 1622096959 | ||
| 003 | DE-627 | ||
| 005 | 20260206200910.0 | ||
| 007 | tu | ||
| 008 | 060123s2006 xx ||||| 00| ||eng c | ||
| 010 | |a 2005031233 | ||
| 020 | |a 0415953502 |c (hdb.) |9 0-415-95350-2 | ||
| 020 | |a 0415953510 |c (pbk.) |9 0-415-95351-0 | ||
| 020 | |a 9780415953504 |c (hardback) |9 978-0-415-95350-4 | ||
| 020 | |a 9780415953511 |c (pbk.) |9 978-0-415-95351-1 | ||
| 035 | |a (DE-627)1622096959 | ||
| 035 | |a (DE-603)179075896 | ||
| 035 | |a (DE-576)250429306 | ||
| 035 | |a (DE-599)BSZ250429306 | ||
| 035 | |a (OCoLC)62281520 | ||
| 040 | |a DE-627 |b ger |c DE-627 |e rakwb | ||
| 041 | |a eng | ||
| 050 | 0 | |a HV7936.C6W55 2006 | |
| 050 | 0 | |a HV | |
| 082 | 0 | |a 363.2/30973 | |
| 082 | 0 | |a 363.230973 |q LoC |2 DDC22oclc | |
| 100 | 1 | |a Wilson, Jeremy M. |d 1974- |0 (DE-588)142523607 |0 (DE-627)636723437 |0 (DE-576)186469926 |4 aut | |
| 109 | |a Wilson, Jeremy M. 1974- |a Wilson, Jeremy Matthew 1974- |a Wilson, J. M. 1974- |a Wilson, Jeremy 1974- | ||
| 245 | 1 | 0 | |a Community policing in America |c Jeremy M. Wilson |
| 264 | 1 | |a New York [u.a.] |b Routledge |c 2006 | |
| 300 | |a XII, 169 S. | ||
| 336 | |a Text |b txt |2 rdacontent | ||
| 337 | |a ohne Hilfsmittel zu benutzen |b n |2 rdamedia | ||
| 338 | |a Band |b nc |2 rdacarrier | ||
| 490 | 0 | |a Criminology and justice studies | |
| 500 | |a Includes bibliographical references and index | ||
| 520 | |a Introduction -- Defining community policing and researching its implementation -- Police organizations as open systems -- Organizational context and community policing -- Organizational structure and community policing -- Organizational context and organizational structure -- Models, data, and analysis -- Findings -- Conclusions and policy implications. | ||
| 583 | 1 | |a Archivierung prüfen |c 20200919 |f DE-640 |z 2 |2 pdager | |
| 650 | 0 | |a community policing |x United States | |
| 650 | 0 | |a Police-community relations |x United States | |
| 650 | 0 | |a Police administration |x United States | |
| 650 | 0 | |a Community Organization |x United States | |
| 650 | 0 | 7 | |0 (DE-588)4322926-8 |0 (DE-627)128103000 |0 (DE-576)211240680 |a Gemeinwesenbezogene Polizeiarbeit |2 gnd |
| 651 | 7 | |0 (DE-588)4078704-7 |0 (DE-627)106076612 |0 (DE-576)209209682 |a Usa |2 gnd | |
| 689 | 0 | 0 | |d g |0 (DE-588)4078704-7 |0 (DE-627)106076612 |0 (DE-576)209209682 |a USA |2 gnd |
| 689 | 0 | 1 | |d s |0 (DE-588)4322926-8 |0 (DE-627)128103000 |0 (DE-576)211240680 |a Gemeinwesenbezogene Polizeiarbeit |2 gnd |
| 689 | 0 | |5 (DE-627) | |
| 856 | 4 | 2 | |u https://digitale-objekte.hbz-nrw.de/storage/2007/05/21/file_136/1866905.pdf |m V:DE-605 |m X:migimw |q application/pdf |v 2025-07-00 |3 Inhaltsverzeichnis |7 1 |
| 856 | 4 | 2 | |u http://scans.hebis.de/HEBCGI/show.pl?17907589_toc.pdf |m V:DE-605 |q application/pdf |3 Inhaltsverzeichnis |7 1 |
| 935 | |a MZUSA | ||
| 936 | s | n | |a m200 |2 mzub |
| 951 | |a BO | ||
| ELC | |b 1 | ||
| LOK | |0 000 xxxxxcx a22 zn 4500 | ||
| LOK | |0 001 3243951321 | ||
| LOK | |0 003 DE-627 | ||
| LOK | |0 004 1622096959 | ||
| LOK | |0 005 20060814102533 | ||
| LOK | |0 008 060123||||||||||||||||ger||||||| | ||
| LOK | |0 040 |a DE-21 |c DE-627 |d DE-21 | ||
| LOK | |0 852 |a DE-21 | ||
| LOK | |0 852 1 |c KB 9 E 690 |9 00 | ||
| LOK | |0 935 |a krim | ||
| LOK | |0 936ln |a k4.5.1.4 | ||
| LOK | |0 938 |l 25/07/06 |8 6 | ||
| LOK | |0 939 |a 23-01-06 |b l01 | ||
| ORI | |a SA-MARC-krimdoka001.raw | ||
| SIG | |a UB: KB 9 E 690 | ||
